| 000 | 02202nam0a2200325 i 4500 | ||
|---|---|---|---|
| 001 | RU\NLR\bibl\2012043 | ||
| 005 | 20260408103006.0 | ||
| 021 |
_aRU _b2013-13909 _9991 |
||
| 035 | _a(nilc)RuMoRGB-006538923 | ||
| 035 | _a(NLR Aleph) 002000559 | ||
| 090 |
_a4353091 _c4353091 |
||
| 100 | _a20130226d2012 u y0rusy50 ca | ||
| 101 | 0 | _arus | |
| 102 | _aRU | ||
| 105 | _aa ||||||||| | ||
| 200 | 1 |
_aТехнологические основы производства порошковых и композиционных материалов и изделий _eучебно-методический комплекс для студентов всех форм обучения специальности 150501.65 _fМ-во образования и науки Рос. Федерации, Федер. гос. бюджет. образоват. учреждение высш. проф. образования Нац. минер.-сырьевой ун-т "Горный" _g[сост. В.И. Крахмалев и др.] |
|
| 210 |
_aСанкт-Петербург _cГорный _d2012 |
||
| 215 |
_a102 с. _cил. _d20 |
||
| 606 | 1 |
_aПорошкообразные материалы _jУчебно-методические пособия для высших учебных заведений _xПроизводство _92522380 _3RU\NLR\auth\661494602 |
|
| 606 |
_aКомпозиционные материалы _jУчебно-методические пособия для высших учебных заведений _xПроизводство _92127275 _3RU\NLR\auth\661283874 |
||
| 686 | _aЖ36я73-1 | ||
| 702 | 1 |
_aКрахмалев _bВ. И. _4220 |
|
| 712 | 0 | 2 |
_4570 _a"Горный", национальный минерально-сырьевой университет _cСанкт-Петербург _bКафедра материаловедения и технологии художественных изделий _3RU\NLR\AUTH\8810242139 _9370134 |
| 801 | 0 |
_aRU _bRuMoRKP _c20130226 _gRCR |
|
| 801 | 2 |
_aRU _bРГБ _c20130328 _grcr |
|
| 801 | 1 |
_aRU _bRuMoRKP _c20130226 _2rusmarc |
|
| 801 | 2 |
_aRU _bNLR _c20130315 _grcr |
|
| 942 | _cBOOK | ||
| 980 | _aNBR | ||